|
|
|
|
| LEADER |
00000nlm0a2200000 4500 |
| 001 |
318164 |
| 005 |
20240126091212.0 |
| 035 |
|
|
|a (RuTPU)RU\TPU\book\343661
|
| 035 |
|
|
|a RU\TPU\book\343354
|
| 090 |
|
|
|a 318164
|
| 100 |
|
|
|a 20160421j2016 k y0rusy50 ca
|
| 101 |
0 |
|
|a rus
|
| 102 |
|
|
|a RU
|
| 105 |
|
|
|a a m 001zy
|
| 135 |
|
|
|a drcn ---uucaa
|
| 181 |
|
0 |
|a i
|
| 182 |
|
0 |
|a b
|
| 200 |
1 |
|
|a Взаимодействие водорода с тонкой плёнкой Al[2]O[3] на нанокристаллическом титане
|e диссертация на соискание ученой степени кандидата физико-математических наук
|e спец. 01.04.07
|f В. С. Сыпченко
|g Национальный исследовательский Томский политехнический университет (ТПУ) ; науч. рук. Н. Н. Никитенков
|
| 203 |
|
|
|a Текст
|c электронный
|
| 210 |
|
|
|a Томск
|d 2016
|
| 215 |
|
|
|a 1 файл (3.36 Мb)
|
| 300 |
|
|
|a Заглавие с титульного экрана
|
| 300 |
|
|
|a Электронная версия печатной публикации
|
| 606 |
1 |
|
|a Тонкопленочные покрытия
|2 stltpush
|3 (RuTPU)RU\TPU\subj\75631
|9 87320
|
| 610 |
1 |
|
|a диссертации
|
| 610 |
1 |
|
|a электронный ресурс
|
| 610 |
1 |
|
|a труды учёных ТПУ
|
| 610 |
1 |
|
|a взаимодействия
|
| 610 |
1 |
|
|a водород
|
| 610 |
1 |
|
|a титан
|
| 610 |
1 |
|
|a водород в металлах
|
| 610 |
1 |
|
|a покрытия
|
| 610 |
1 |
|
|a магнетронные напыления
|
| 610 |
1 |
|
|a сплавы титана
|
| 610 |
1 |
|
|a водородная плазма
|
| 610 |
1 |
|
|a оксид алюминия
|
| 610 |
1 |
|
|a нанокристаллические сплавы
|
| 675 |
|
|
|a 621.793.1:539.216.2(04)
|v 3
|
| 686 |
|
|
|a 01.04.07
|2 oksvnk
|
| 700 |
|
1 |
|a Сыпченко
|b В. С.
|c физик
|c доцент Томского политехнического университета, кандидат наук
|f 1987-
|g Владимир Сергеевич
|3 (RuTPU)RU\TPU\pers\28216
|9 13170
|
| 702 |
|
1 |
|a Никитенков
|b Н. Н.
|c российский физик
|c профессор Томского политехнического университета, доктор физико-математических наук
|f 1953-
|g Николай Николаевич
|3 (RuTPU)RU\TPU\pers\25364
|4 727
|
| 712 |
0 |
2 |
|a Национальный исследовательский Томский политехнический университет (ТПУ)
|b Институт неразрушающего контроля (ИНК)
|b Международная научно-образовательная лаборатория неразрушающего контроля (МНОЛ НК)
|3 (RuTPU)RU\TPU\col\19961
|
| 801 |
|
2 |
|a RU
|b 63413507
|c 20161007
|g RCR
|
| 856 |
4 |
|
|u http://earchive.tpu.ru/handle/11683/30519
|
| 942 |
|
|
|c CF
|